Forestry : investment opportunities.
| Corporate Author: | |
|---|---|
| Format: | Book |
| Published: |
Santiago:
Foreign Investment Committee,
[199-].
|
| Subjects: |
| LEADER | 00550cam a2200181 7i4500 | ||
|---|---|---|---|
| 001 | 0000005690 | ||
| 005 | 19991025090000.0 | ||
| 002 | ##000007331 | ||
| 020 | 0 | 0 | |a T000005704 |
| 090 | 0 | 0 | |a CHIL 634.9 |b CHI |
| 110 | 1 | 0 | |a Chile(: |c Foreign Investment Committee) |
| 245 | 1 | 0 | |a Forestry : |b investment opportunities. |
| 260 | 0 | 0 | |a Santiago: |b Foreign Investment Committee, |c [199-]. |
| 300 | 0 | 0 | |a 22 p.. |
| 650 | 0 | 0 | |a Investments -- |z Chile |
| 650 | 0 | 0 | |a Forests and Forestry -- |z Chile |
| 651 | 0 | 0 | |a Chile |
| 999 | |a 0000007816 |b Book |c Open shelf |e Business Information Centre | ||